| 000 | 00835pam a2200277 a 4500 | ||
|---|---|---|---|
| 001 | 015710066 | ||
| 003 | Uk | ||
| 005 | 20171220133502.0 | ||
| 008 | 101116s2011 enka b 001 0 eng d | ||
| 020 | _a0199608709 (pbk.) | ||
| 020 | _a9780199608706 (pbk.) | ||
| 082 | 0 | 4 |
_a346.4207 _222 _bMAR |
| 100 | 1 |
_aMarson, James. _932706 |
|
| 245 | 1 | 0 |
_aBusiness Law / _cJames Marson. |
| 250 | _a2nd ed. | ||
| 260 |
_aOxford : _bOxford University Press, _cc2011. |
||
| 300 |
_axlvi, 594 p. : _bill. ; _c25 cm. |
||
| 500 | _aPrevious ed.: 2009. | ||
| 500 |
_aFormerly CIP. _5Uk |
||
| 504 | _aIncludes bibliographical references and index. | ||
| 650 | 0 |
_aBusiness law _zEngland. _932707 |
|
| 650 | 0 |
_aBusiness law _zEuropean Union countries. _932708 |
|
| 653 |
_bBus _cFebruary2013 |
||
| 650 | 0 |
_98423 _aBusiness law _zWales |
|
| 942 |
_2ddc _cBB |
||
| 999 |
_c17320 _d17292 |
||